Statistics for Australian geography by letter: F

Click here to take the quiz!

General Stats

  • This quiz has been taken 21 times
  • The average score is 4 of 11

Answer Stats

HintAnswer% Correct
Port city that has become part of Perth's urban sprawlFremantle
78%
This mountain range in South Australia is one of many places named after a maritime explorerFlinders Ranges
67%
Common name for the Crocodylus johnstoni, mostly harmless reptile endemic
to northern Australia
Freshwater crocodile
50%
Peninsula and national park in eastern TasmaniaFreycinet
50%
Melbourne's oldest suburbFitzroy
44%
Town on the Lachlan River, where bushranger Ben Hall is buriedForbes
44%
Canberra suburb named after a man who was Prime Minister for one weekForde
28%
Canberra suburb named after a Nobel Prize winnerFlorey
22%
Proposed hydroelectric infrastructure on the Gordon River that was never constructed thanks to a protest movement that was a significant cause of a change of government in 1983Franklin Dam
22%
Coastal suburb of Darwin that has a fascinating museum in an old gaolFannie Bay
17%
Canberra suburb named after the founder of the Australian Inland
Mission Aerial Medical service
Flynn
11%

Score Distribution

Percentile by Number Answered

Percent of People with Each Score

Your Score History

You have not taken this quiz